| 000 | 00450nam a2200193Ia 4500 | ||
|---|---|---|---|
| 005 | 20240823035007.0 | ||
| 008 | 240823s9999||||xx |||||||||||||| ||und|| | ||
| 020 | _a978-93-80143-23-1 | ||
| 041 | _aENGLISH | ||
| 082 | _A822.051 N3 | ||
| 100 | _aA C Cawley Ed. | ||
| 245 | 0 | _aEveryman and Medieval Miracle Plays | |
| 250 | _a1st | ||
| 260 |
_c1992 _bHhachette |
||
| 500 | _aYES | ||
| 650 |
_aNovel _bEnglish |
||
| 942 | _cBK | ||
| 999 |
_c199622 _d199622 |
||